|
|
|
|
| LEADER |
01256nam a22003017a 4500 |
| 001 |
35174 |
| 003 |
BD-DhAAL |
| 008 |
190825t2004 cc a|||| |||| 00| 0 mul d |
| 999 |
|
|
|c 41052
|d 41052
|
| 020 |
|
|
|a 9787534930768
|
| 020 |
|
|
|a 7534930766
|
| 040 |
|
|
|a BD-DhAAL
|
| 082 |
|
|
|a 720.973
|
| 100 |
|
|
|a Eisenman, Peter,
|d 1932-
|9 33566
|
| 245 |
|
|
|a Bide Aisenman = Peter Eisenman /
|c C3 she ji ; Yang Xiaofeng yi.
|
| 260 |
|
|
|a Zhengzhou :
|b He'nan ke xue ji shu chu ban she,
|c 2004
|
| 300 |
|
|
|a 191 pages :
|b chiefly color illustrations, plans, ports. ;
|c 30 cm.
|
| 490 |
|
|
|a Shi jie zhu ming jian zhu shi xi lie, 10.
|
| 526 |
|
|
|a AAL
|
| 541 |
|
|
|a Complimentary copy from the Department of Architecture
|e 35174
|
| 600 |
|
|
|a Eisenman, Peter,
|d 1932-
|9 33566
|
| 650 |
|
|
|a Architecture
|z United States.
|9 33564
|
| 650 |
|
|
|a Architecture
|z United States
|x History
|y 20th century.
|9 33565
|
| 700 |
|
|
|a Xiaofeng yi, Yang
|9 33567
|
| 710 |
|
|
|a C3 she ji
|9 33568
|
| 852 |
|
|
|a Department of Architecture
|c General Stacks
|
| 942 |
|
|
|2 ddc
|c BK
|
| 952 |
|
|
|0 0
|1 0
|2 ddc
|4 0
|6 720_973000000000000_EIS
|7 0
|9 66048
|a BRACUL
|b BRACUL
|c GEN
|d 2019-08-26
|e Complimentary copy
|l 2
|m 14
|o 720.973 EIS
|p 3010035174
|r 2026-01-15
|s 2025-10-23
|t 1
|w 2019-08-26
|y BK
|x Transferred from ARC to BRACUL on 28/12/2023
|